| 000 | 00382nam a2200145Ia 4500 | ||
|---|---|---|---|
| 008 | 230917s9999||||xx |||||||||||||| ||und|| | ||
| 040 |
_e28044 _aMAIN |
||
| 041 | _aEnglish | ||
| 082 | _a294.537 V669B | ||
| 100 | _aVidyavachaspati, Usha Puri | ||
| 245 | 0 | _aBharatiya mithakon mein prateekatmakata | |
| 260 |
_aNew Delhi _bSarthak prakashan _c1997 |
||
| 300 | _a193 p. | ||
| 942 | _cBK | ||
| 999 |
_c92378 _d92378 |
||